Organizácia práce pri prechode na trhové hospodárstvo
Predmetom sledovania je organizačná jednotka magnezitového výrobného procesu. Rozbor ekonomických ukazovateľov charakterizujúcich zmeny v deľbe práce.
Saved in:
| Main Author: | |
|---|---|
| Other Authors: | , |
| Format: | Book Chapter |
| Language: | Slovak |
| Subjects: | |
| Tags: |
No Tags, Be the first to tag this record!
|
MARC
| LEADER | 00000naa a2200000 4500 | ||
|---|---|---|---|
| 001 | r024925 | ||
| 005 | 20221129133933.9 | ||
| 041 | 0 | |a slo | |
| 044 | |a CZ | ||
| 245 | 1 | 0 | |a Organizácia práce pri prechode na trhové hospodárstvo |c Nora Štangová, M. Angyalová, Z. Novek |
| 520 | |a Predmetom sledovania je organizačná jednotka magnezitového výrobného procesu. Rozbor ekonomických ukazovateľov charakterizujúcich zmeny v deľbe práce. | ||
| 610 | 2 | 0 | |a organizácia práce |
| 610 | 2 | 0 | |a hospodárstvo trhové |
| 610 | 2 | 0 | |a ukazovatele ekonomické |
| 610 | 2 | 0 | |a deľba práce |
| 610 | 2 | 0 | |a proces výrobný |
| 100 | 1 | |a Štangová, Nora | |
| 700 | 1 | |a Angyalová, M. | |
| 700 | 1 | |a Novek, Z. | |